000 00974nam a22002055i 4500
001 161526
003 ES-MaACL
005 20230906212314.0
008 020325s1865 sp |||| | spa d
040 _aCAM
_bspa
_cCAM
100 1 _aPastorfido, Miguel.
_989537
245 1 4 _aLos guardias del rey de Siam
_b: zarzuela en un acto y en verso /
_cletra de Miguel Pastorfido ; música de Gabriel Balart.
260 _aMadrid :
_b[s.n.],
_c1865 (
_fImprenta de José Rodriguez)
300 _a43 p. ;
_c20 cm.
500 1 _aEn port.: Representada por primera vez en el teatro del Circo, el 21 de abril de 1865.
500 _aSolo la letra.
596 1 _aEn verso de port. consta: "... de la galería dramática y lírica, titulada El Teatro ..."
700 1 _aBalart, Gabriel.
_9125787
852 _aES-MaACL
_jF-8559(9)
_z-- Enc. pasta española
_q-- Falto de la cub. original
_z-- Enc. en un vol. facticio formando parte de la col. facticia "Teatro español moderno", v. 11
999 _c161526
_d161526